Statystyki dla Największe miasta Włoch A-Z

Kliknij tutaj aby rozwiązać quiz!

Ogólne statystyki

  • Ten quiz został rozwiązany 236 razy
  • Średni wynik to 10 z 20

Statystyki odpowiedzi

-MiastoLiczba
ludności
% Poprawnych
RRzym2 800 000
100%
MMediolan1 350 000
95%
NNeapol960 000
92%
TTuryn880 000
90%
WWenecja360 000
87%
FFlorencja380 000
79%
PPalermo660 000
78%
GGenua580 000
74%
BBolonia390 000
69%
KKatania310 000
45%
UUdine100 000
41%
CCagliari150 000
34%
LLivorno160 000
29%
SSalerno | Sassari130 000
22%
AAnkona | Andria | Arezzo100 000
21%
VVicenza120 000
12%
IImola70 000
10%
OOlbia60 000
10%
EErcolano50 000
3%
QQuartu Sant'Elena70 000
1%

Rozkład punktacji

Percentyl według liczby udzielonych odpowiedzi

Procent ludzi z każdym wynikiem

Twoja historia wyników

Nie rozwiązałeś tego quizu